La guerre, yes sir!: Roman

में बचाया:
ग्रंथसूची विवरण
मुख्य लेखक: Carrier, Roch
स्वरूप: पुस्तक
भाषा:Undetermined
प्रकाशित: Ottawa, Canadá Éditions du Jour 1968
विषय:
टैग: टैग जोड़ें
कोई टैग नहीं, इस रिकॉर्ड को टैग करने वाले पहले व्यक्ति बनें!

MARC

LEADER 00000nam a2200000Ia 4500
008 170316s9999 xx 000 0 und d
040 |a cru BVZT 
090 |a 818 C-7g 
100 |a Carrier, Roch 
245 |a La guerre, yes sir!: Roman 
260 |a Ottawa, Canadá 
260 |b Éditions du Jour 
260 |c 1968 
300 |a 124 páginas 
650 |a LITERATURA CANADIENSE 
650 |a NOVELA 
999 |c 6400  |d 6400 
942 |c 15 D  |h 818 C-7g  |2 z